MARC details
| 000 -CABECERA |
| campo de control de longitud fija |
01109nam a2200229 a 4500 |
| 001 - NÚMERO DE CONTROL |
| campo de control |
000041309 |
| 005 - FECHA Y HORA DE LA ÚLTIMA TRANSACCIÓN |
| campo de control |
20201002034757.0 |
| 008 - DATOS DE LONGITUD FIJA--INFORMACIÓN GENERAL |
| campo de control de longitud fija |
130930s2000 sp 000 0 spa d |
| 020 ## - NÚMERO INTERNACIONAL ESTÁNDAR DEL LIBRO |
| Número Internacional Estándar del Libro |
840007873X |
| 040 ## - FUENTE DE LA CATALOGACIÓN |
| Centro catalogador/agencia de origen |
DO-SdBNP |
| Lengua de catalogación |
spa |
| Centro/agencia transcriptor |
BNPHU |
| 041 17 - CÓDIGO DE LENGUA |
| Código de lengua del texto/banda sonora o título independiente |
cat. |
| Fuente del código |
spa |
| Código de lengua del sumario o resumen |
ital. |
| 111 2# - ENTRADA PRINCIPAL--NOMBRE DE CONGRESO/REUNIÓN |
| Nombre de congreso/reunión o jurisdicción como elemento de entrada |
Col.loqui Internacional " De l'esclavitud a la llibertat" |
| Fecha del congreso/reunión |
(1999 :27-29 de maig |
| Sede del congreso/Lugar de la reunión |
Barcelona) |
| 9 (RLIN) |
67928 |
| 245 10 - MENCIÓN DE TÍTULO |
| Título |
De L' Esclavitud a la Llibertad : |
| Resto del título |
esclaus i lliberts a l'edat mitjana : actes del Col.loqui Internacional celebrat a Barcelona, del 27 al 29 de maig de 1999 / |
| Mención de responsabilidad, etc. |
editores María Teresa Ferrer i Mallol, Josefina Mutgé i Vives. |
| 260 ## - PUBLICACIÓN, DISTRIBUCIÓN, ETC. |
| Lugar de publicación, distribución, etc. |
Barcelona : |
| Nombre del editor, distribuidor, etc. |
Institució Milà i Fontanals, |
| Fecha de publicación, distribución, etc. |
2000. |
| 490 1# - MENCIÓN DE SERIE |
| Mención de serie |
Anuario de Estudios Medievales. Anexo ; |
| Designación de volumen o secuencia |
38 |
| 504 ## - NOTA DE BIBLIOGRAFÍA, ETC. |
| Nota de bibliografía, etc. |
Incluye referencias bibliográficas y notas al pie de las páginas |
| 546 ## - NOTA DE LENGUA/LENGUAJE |
| Nota de lengua/lenguaje |
Ponencias en catalán, español e italiano |
| 700 1# - PUNTO DE ACCESO ADICIONAL--NOMBRE DE PERSONA |
| Nombre de persona |
Ferrer i Mallol, María Teresa, |
| Término indicativo de función/relación |
ed |
| 9 (RLIN) |
67929 |
| 700 1# - PUNTO DE ACCESO ADICIONAL--NOMBRE DE PERSONA |
| Nombre de persona |
Mutgé Vives, Josefa, |
| Término indicativo de función/relación |
ed. |
| 9 (RLIN) |
67930 |
| 710 2# - PUNTO DE ACCESO ADICIONAL--NOMBRE DE ENTIDAD CORPORATIVA |
| Nombre de entidad corporativa o nombre de jurisdicción como elemento de entrada |
Institució Milà i Fontanals |
| 9 (RLIN) |
63806 |
| 830 #0 - PUNTO DE ACCESO ADICIONAL DE SERIE-TÍTULO UNIFORME |
| Título uniforme |
Anuario de Estudios Medievales. Anexo |
| Número de parte o sección de la obra |
38 |
| 9 (RLIN) |
67931 |